| 000 | 00645nam a2200193 i 4500 | ||
|---|---|---|---|
| 001 | 64842 | ||
| 003 | ES-MaACL | ||
| 005 | 20230906165226.0 | ||
| 007 | t| | ||
| 008 | 040105s1973 sp ||||1| spa d | ||
| 100 | 1 |
_aFourier, Charles. _951964 |
|
| 245 | 1 | 3 |
_aLa armonía pasional del nuevo mundo / _cCharles Fourier ; prólogo de Eduardo Subirats y Menene Gras ; [traducción y selección de Menene Gras]. |
| 260 |
_a[Madrid] : _bTaurus, _c[1973] |
||
| 300 |
_a293 p. ; _c21 cm. |
||
| 650 | 4 |
_aFourierismo. _9149689 |
|
| 700 | 1 |
_aSubirats, Eduardo. _9108696 |
|
| 700 | 1 |
_aGras Balaguer, Menene. _959682 |
|
| 852 |
_aES-MaACL _jC-52989 _bR.86200 |
||
| 999 |
_c64842 _d64842 |
||